[Event "EU-ch U14 27th"]
[Site "Mamaia"]
[Date "2017.09.13"]
[Round "8"]
[White "Cespedes Llaverias, Llibert"]
[Black "Lazarov, Nikola"]
[Result "1-0"]
[WhiteElo "1995"]
[BlackElo "1509"]
[PlyCount "63"]
[EventDate "2017.09.05"]
[EventType "swiss"]
[EventRounds "9"]
[EventCountry "ROU"]
[SourceTitle "CBM 180 Extra"]
[Source "ChessBase"]
[SourceDate "2017.10.06"]
[SourceVersion "1"]
[SourceVersionDate "2017.10.06"]
[SourceQuality "1"]

1. e4 c5 2. Nf3 a6 3. c3 Nc6 4. d4 cxd4 5. cxd4 e6 6. Nc3 g6 7. Bc4 b5 8. Bb3 Bg7 9. Bg5 f6 10. Bf4 Nge7 11. Rc1 Bb7 12. d5 exd5 13. Nxd5 Rc8 14. 0-0 Ne5 15. Rxc8 Bxc8 16. Nxe5 fxe5 17. Bg5 Bb7 18. Bxe7 Qc8 19. Bb4 Bf8 20. Nf6+ Kd8 21. Ba5+ Ke7 22. Nd5+ Ke8 23. Qf3 Be7 24. Nc7+ Qxc7 25. Bxc7 Rf8 26. Qe3 d6 27. Be6 Rf6 28. Qa7 Rxe6 29. Qxb7 h5 30. Qxa6 g5 31. Rd1 Kf7 32. Qxb5 1-0

[Event "EU-ch U14 27th"]
[Site "Mamaia"]
[Date "2017.09.12"]
[Round "7"]
[White "Lazarov, Nikola"]
[Black "Kochavi, Ori"]
[Result "1-0"]
[WhiteElo "1509"]
[BlackElo "1892"]
[PlyCount "31"]
[EventDate "2017.09.05"]
[EventType "swiss"]
[EventRounds "9"]
[EventCountry "ROU"]
[SourceTitle "EXT 2018"]
[Source "ChessBase"]
[SourceDate "2017.10.13"]
[SourceVersion "1"]
[SourceVersionDate "2017.10.13"]
[SourceQuality "1"]

1. e4 c5 2. d4 cxd4 3. c3 dxc3 4. Nxc3 d6 5. Bc4 Nf6 6. e5 Ng8 7. Nf3 Nc6 8. 0-0 a6 9. Bg5 h6 10. Bh4 Na5 11. Bd5 g5 12. Bg3 e6 13. Re1 dxe5 14. Bxe5 Nf6 15. Bxf6 Qxf6 16. Qa4+ 1-0